Southville International School and Colleges
Your cart is empty.
  • Cart
  • Lists
    Public lists Eva Luna New books Lux_list list_1
    Your lists Log in to create your own lists
  • Log in to your account
  • Your cookies
  • Search history
Southville International School and Colleges
  • Advanced search
  • Recent comments
  • Most popular
  • Libraries

Log in to your account

Log in with GOOGLE


If you do not have an external account, but do have a local account, you can still log in:

  1. Home
  2. MARC view: Sisters /
Normal view MARC view ISBD view

Sisters / (Record no. 11265)

[ view plain ]
MARC details
000 -LEADER
fixed length control field 01500cam a2200373 a 4500
001 - CONTROL NUMBER
control field 14429936
003 - CONTROL NUMBER IDENTIFIER
control field LC
005 - DATE AND TIME OF LATEST TRANSACTION
control field 20160314153224.0
008 - FIXED-LENGTH DATA ELEMENTS--GENERAL INFORMATION
fixed length control field 060627s2007 nyu 000 1 eng
010 ## - LIBRARY OF CONGRESS CONTROL NUMBER
LC control number 2006048482
020 ## - INTERNATIONAL STANDARD BOOK NUMBER
International Standard Book Number 0385340222
020 ## - INTERNATIONAL STANDARD BOOK NUMBER
International Standard Book Number 9780385340229
035 ## - SYSTEM CONTROL NUMBER
System control number (OCoLC)ocm70292157
040 ## - CATALOGING SOURCE
Original cataloging agency DLC
Transcribing agency DLC
Modifying agency YDX
-- BAKER
-- CD5
-- VP@
-- YDXCP
-- CLE
-- BTCTA
-- DLC
050 00 - LIBRARY OF CONGRESS CALL NUMBER
Classification number PS 3569 .T33828
Item number .St813s 2007
082 00 - DEWEY DECIMAL CLASSIFICATION NUMBER
Classification number FIC
Item number St3s 2007
100 1# - MAIN ENTRY--PERSONAL NAME
Personal name Steel, Danielle.
9 (RLIN) 19098
245 10 - TITLE STATEMENT
Title Sisters /
Statement of responsibility, etc Danielle Steel.
260 ## - PUBLICATION, DISTRIBUTION, ETC. (IMPRINT)
Place of publication, distribution, etc New York :
Name of publisher, distributor, etc Delacorte Press,
Date of publication, distribution, etc c2007.
300 ## - PHYSICAL DESCRIPTION
Extent 341 p. :
Dimensions 18 cm.
650 #0 - SUBJECT ADDED ENTRY--TOPICAL TERM
Topical term or geographic name as entry element Sisters
Form subdivision Fiction.
9 (RLIN) 19575
650 #0 - SUBJECT ADDED ENTRY--TOPICAL TERM
Topical term or geographic name as entry element Models (Persons)
Form subdivision Fiction.
9 (RLIN) 19576
650 #0 - SUBJECT ADDED ENTRY--TOPICAL TERM
Topical term or geographic name as entry element Women television producers and directors
Form subdivision Fiction.
9 (RLIN) 19577
650 #0 - SUBJECT ADDED ENTRY--TOPICAL TERM
Topical term or geographic name as entry element Women lawyers
Form subdivision Fiction.
9 (RLIN) 19578
650 #0 - SUBJECT ADDED ENTRY--TOPICAL TERM
Topical term or geographic name as entry element Women art students
Form subdivision Fiction.
9 (RLIN) 19579
650 #0 - SUBJECT ADDED ENTRY--TOPICAL TERM
Topical term or geographic name as entry element Family reunions
Form subdivision Fiction.
9 (RLIN) 19580
856 41 - ELECTRONIC LOCATION AND ACCESS
Materials specified Sample text
Uniform Resource Identifier <a href="http://www.loc.gov/catdir/enhancements/fy0712/2006048482-s.html">http://www.loc.gov/catdir/enhancements/fy0712/2006048482-s.html</a>
856 42 - ELECTRONIC LOCATION AND ACCESS
Materials specified Publisher description
Uniform Resource Identifier <a href="http://www.loc.gov/catdir/enhancements/fy0712/2006048482-d.html">http://www.loc.gov/catdir/enhancements/fy0712/2006048482-d.html</a>
856 42 - ELECTRONIC LOCATION AND ACCESS
Materials specified Contributor biographical information
Uniform Resource Identifier <a href="http://www.loc.gov/catdir/enhancements/fy0712/2006048482-b.html">http://www.loc.gov/catdir/enhancements/fy0712/2006048482-b.html</a>
906 ## - LOCAL DATA ELEMENT F, LDF (RLIN)
a 7
b cbc
c orignew
d 1
e ocip
f 20
g y-gencatlg
942 ## - ADDED ENTRY ELEMENTS (KOHA)
Source of classification or shelving scheme Library of Congress Classification
Koha item type Books
Holdings
Withdrawn status Lost status Source of classification or shelving scheme Damaged status Home library Current library Shelving location Date acquired Source of acquisition Total Checkouts Full call number Barcode Date last seen Copy number Price effective from Koha item type
    Library of Congress Classification   Luxembourg Library Luxembourg Library Fiction Section 09/14/2013 Donation   PS 3569 .T33828 .St813s 2007 15958 09/14/2013 1 09/14/2013 Books

Sisters /

APA

Steel D., . (2007). Sisters. New York: Delacorte Press.

Chicago

Steel Danielle, . 2007. Sisters. New York: Delacorte Press.

Harvard

Steel D., . (2007). Sisters. New York: Delacorte Press.

MLA

Steel Danielle, . Sisters. New York: Delacorte Press. 2007.

  • Place hold
  • Print
  • Cite
  • Add to your cart (remove)
  • Save record
    BIBTEX Dublin Core MARCXML MARC (non-Unicode/MARC-8) MARC (Unicode/UTF-8) MARC (Unicode/UTF-8, Standard) MODS (XML) RIS
  • More searches
    Search for this title in:
    Other Libraries (WorldCat) Other Databases (Google Scholar) Online Stores (Bookfinder.com) Open Library (openlibrary.org)

Exporting to Dublin Core...

SOUTHVILLE LIBRARY

Southville International School and Colleges Library

1281 Tropical Ave. Cor. Luxembourg St., BF Homes International, Las Pinas City

Tel. No. 8256374 / 252358 Loc. 117/146

Powered by Koha